| 000 | 00697nam a2200229Ia 4500 | ||
|---|---|---|---|
| 008 | 191130s2009##################000#0#eng## | ||
| 020 | _a9780199548613 | ||
| 022 | _a2009455612 | ||
| 040 |
_aACL _cACL |
||
| 082 | _a576.8 SHE | ||
| 100 | _aSherratt, Thomas N | ||
| 245 |
_aBig questions in ecology and evolution _cThomas N. Sherratt, David M. Wilkinson |
||
| 260 |
_aOxford _bOxford University Press _c2009 |
||
| 300 | _axi, 297 p. : ill. ; 24 cm. | ||
| 500 | _aIncludes bibliographical references and index | ||
| 650 | _aEcology | ||
| 650 | _aEvolution (Biology) | ||
| 700 | _aWilkinson, David M | ||
| 990 | _aed7309d4ac10000c1864afdacb38612b | ||
| 991 | _a251287 | ||
| 999 |
_c115526 _d115526 |
||